Programmed learning aid for principles of management /
Salvato in:
| Autore principale: | |
|---|---|
| Altri autori: | |
| Natura: | Libro |
| Lingua: | inglese |
| Pubblicazione: |
Illinois :
Learning systems co.,
c1970.
|
| Soggetti: | |
| Tags: |
Nessun Tag, puoi essere il primo ad aggiungerne!!
|
MARC
| LEADER | 00000cam a22000002a 4500 | ||
|---|---|---|---|
| 001 | 0000014405 | ||
| 003 | DAYSTAR | ||
| 005 | 20171002014848.0 | ||
| 008 | 030703s1970 ilu 001 0 eng d | ||
| 040 | |a Daystar |d Sateya | ||
| 050 | 0 | 0 | |a HD30.4 |b .T47 |
| 100 | 1 | |a Terry, George R. | |
| 245 | 1 | 0 | |a Programmed learning aid for principles of management / |c by George R Terry. |
| 260 | |a Illinois : |b Learning systems co., |c c1970. | ||
| 300 | |a xi,177 p. | ||
| 650 | 0 | |a Management. | |
| 700 | 1 | |a Hermanson, Roger H. | |
| 908 | |a 060412 | ||
| 942 | |c G | ||
| 952 | |0 0 |1 0 |4 0 |6 HD_30_400000000000000_T47 |7 0 |9 7989 |a DUA |b DUA |c GC |d 2017-09-28 |l 0 |o HD30.4.T47 |p BK010673 |r 2017-09-28 00:00:00 |w 2017-09-28 |x 59120 |y G | ||
| 999 | |c 5239 |d 5239 | ||